Podpisz zdjęcia po angielsku #5 - Statystyki

Ogólne statystyki
  • Ten quiz został rozwiązany 99 razy
  • Średni wynik to 9 z 16
Statystyki odpowiedzi
Obrazkowy Odpowiedź % Poprawnych
Spider
96%
Lemon
93%
Mirror
88%
Crab
83%
Camel
75%
Chick
67%
Tractor
64%
Donkey
63%
Shell
59%
Bench
53%
Fence
52%
Ruler
51%
Volcano
49%
Swing
27%
Tentacle
17%
Apron
7%
Nie znaleziono quizów pasujących do podanych kryteriów
Rozkład punktacji
Procent ludzi z każdym wynikiem
Percentyl według liczby udzielonych odpowiedzi
Twoja historia wyników
Nie rozwiązałeś tego quizu